Catálogo
 En Linea

El análisis de puestos / (Registro nro. 39463)

Detalles MARC
000 -CABECERA
campo de control de longitud fija 00489nam a2200157 a 4500
001 - NÚMERO DE CONTROL
campo de control 000039973
005 - FECHA Y HORA DE LA ÚLTIMA TRANSACCIÓN
campo de control 20201002033836.0
008 - DATOS DE LONGITUD FIJA--INFORMACIÓN GENERAL
campo de control de longitud fija 130801s1966 mx 000 0 spa d
040 ## - FUENTE DE LA CATALOGACIÓN
Centro catalogador/agencia de origen DO-SdBNP
Lengua de catalogación spa
Centro/agencia transcriptor BNPHU
100 1# - ENTRADA PRINCIPAL--NOMBRE DE PERSONA
Nombre de persona Reyes Ponce, Agustín
9 (RLIN) 66193
245 10 - MENCIÓN DE TÍTULO
Título El análisis de puestos /
Mención de responsabilidad, etc. Agustín Reyes Ponce ; prólogo Jorge Martín Hierro.
250 ## - MENCIÓN DE EDICIÓN
Mención de edición 5a ed.
260 ## - PUBLICACIÓN, DISTRIBUCIÓN, ETC.
Lugar de publicación, distribución, etc. México :
Nombre del editor, distribuidor, etc. Limusa,
Fecha de publicación, distribución, etc. 1966.
300 ## - DESCRIPCIÓN FÍSICA
Extensión 94 p. ;
Dimensiones 22 cm.
700 1# - PUNTO DE ACCESO ADICIONAL--NOMBRE DE PERSONA
Nombre de persona Martín Hierro, Jorge,
Término indicativo de función/relación pról.
9 (RLIN) 66194
Existencias
Estado de retiro Estado de pérdida Restricciones de uso No para préstamo Código de colección Localización permanente Ubicación/localización actual Ubicación en estantería Fecha de adquisición Número de inventario Total de préstamos Signatura topográfica completa Código de barras Fecha visto por última vez Precio válido a partir de Tipo de ítem Koha
        Monografías: Libros y Folletos General General En catalogación 01.08.2013 LF1   39973-10 25.06.2020 25.06.2020 Préstamo en sala

Con tecnología Koha